<?xml version="1.0" encoding="UTF-8"?>
<record
    xmlns:xsi="http://www.w3.org/2001/XMLSchema-instance"
    xsi:schemaLocation="http://www.loc.gov/MARC21/slim http://www.loc.gov/standards/marcxml/schema/MARC21slim.xsd"
    xmlns="http://www.loc.gov/MARC21/slim">

  <leader>00903nam a2200193   4500</leader>
  <controlfield tag="005">20260129115531.0</controlfield>
  <controlfield tag="008">260120b        |||||||| |||| 00| 0 eng d</controlfield>
  <datafield tag="020" ind1=" " ind2=" ">
    <subfield code="a">9788119314270</subfield>
  </datafield>
  <datafield tag="041" ind1=" " ind2=" ">
    <subfield code="a">English</subfield>
  </datafield>
  <datafield tag="082" ind1=" " ind2=" ">
    <subfield code="a">745.4</subfield>
    <subfield code="b">PAN</subfield>
  </datafield>
  <datafield tag="100" ind1=" " ind2=" ">
    <subfield code="a">Pande Alka</subfield>
    <subfield code="9">216367</subfield>
  </datafield>
  <datafield tag="245" ind1=" " ind2=" ">
    <subfield code="a">108 Portraits of Indian Design</subfield>
  </datafield>
  <datafield tag="260" ind1=" " ind2=" ">
    <subfield code="a">New Delhi</subfield>
    <subfield code="b">Arthshila Trust</subfield>
    <subfield code="c">2023</subfield>
  </datafield>
  <datafield tag="300" ind1=" " ind2=" ">
    <subfield code="a">283</subfield>
  </datafield>
  <datafield tag="365" ind1=" " ind2=" ">
    <subfield code="b">803.33</subfield>
    <subfield code="c">Rs.00</subfield>
  </datafield>
  <datafield tag="520" ind1=" " ind2=" ">
    <subfield code="a">&#x2022;	INTRODUCTION: THE FORMALIZING OF BEAUTY
&#x2022;	DISCIPLINES OF DESIGN
&#x2022;	GRAPHICS, LOGOS &amp; EDITORIAL DESIGN
&#x2022;	FURNITURE &amp; INTERIOR DESIGN
&#x2022;	FASHION &amp; TEXTILE DESIGN
&#x2022;	JEWELLERY DESIGN
&#x2022;	INDUSTRIAL &amp; AUTOMOBILE DESIGN
&#x2022;	PRODUCT DESIGN
&#x2022;	LEATHER &amp; SHOE DESIGN
&#x2022;	ART &amp; DESIGN
&#x2022;	INSPIRED BY INDIA
&#x2022;	SIGNIFICANCE OF 108
&#x2022;	AN AESTHETIC EXPERIENCE:
&#x2022;	VISUAL BALANCE
&#x2022;	SUGGESTED READINGS
&#x2022;	IMAGE CREDITS


</subfield>
  </datafield>
  <datafield tag="650" ind1=" " ind2=" ">
    <subfield code="a">Design</subfield>
  </datafield>
  <datafield tag="942" ind1=" " ind2=" ">
    <subfield code="c">BK</subfield>
  </datafield>
  <datafield tag="999" ind1=" " ind2=" ">
    <subfield code="c">369917</subfield>
    <subfield code="d">369917</subfield>
  </datafield>
  <datafield tag="952" ind1=" " ind2=" ">
    <subfield code="0">0</subfield>
    <subfield code="1">0</subfield>
    <subfield code="2">ddc</subfield>
    <subfield code="4">0</subfield>
    <subfield code="7">0</subfield>
    <subfield code="a">SOFT</subfield>
    <subfield code="b">SOFT</subfield>
    <subfield code="d">2026-01-20</subfield>
    <subfield code="e">Design Book Studio</subfield>
    <subfield code="g">803.33</subfield>
    <subfield code="i">287</subfield>
    <subfield code="l">0</subfield>
    <subfield code="o">745.4 PAN</subfield>
    <subfield code="p">SOFT-BK-4874</subfield>
    <subfield code="r">2026-01-20 08:55:45</subfield>
    <subfield code="t">33%</subfield>
    <subfield code="v">1199.00</subfield>
    <subfield code="w">2025-12-12</subfield>
    <subfield code="y">BK</subfield>
  </datafield>
</record>
